| 000 | 00675nam a2200205Ia 4500 | ||
|---|---|---|---|
| 003 | PILC | ||
| 005 | 20160222145929.0 | ||
| 008 | 140429s9999 xx 000 0 und d | ||
| 020 | _a9789719499008 | ||
| 050 |
_aDS 686.6.M4 _b.M483 2010 |
||
| 100 | _aMelencio, Cesar S. | ||
| 245 |
_aFull quarter storms : _bmemoirs and writings on the Philippine left (1970-2010) / _cCesar 'Sonny' Melencio. |
||
| 260 |
_aQuezon City : _bTransform Asia, _c2010. |
||
| 300 |
_a231 pages ; _c23 cm. |
||
| 650 |
_aCommunist parties _xPhilippines. |
||
| 650 |
_aPhilippines _xPolitics and government. |
||
| 650 |
_aPolotical parties _xPhilippines. |
||
| 942 |
_kLOC _cBK _2lcc |
||
| 999 |
_c115663 _d115663 |
||